1318 1376 1968 1318 1915 1041 1212 1394 1544 1619 1479 1490 1321 1961 1841 1982 1829 1096 1564 1711 1593 1408 1925 1451 1305 1979 1741 1063 1888 1782 1876 1888 1120 1500 1399 1163 1965 1798 1374 1357 1318 1462 1805 1120 1551 1421 1666 1131 1293 1472 1843 1684 1206 1696 1730 1259 1389 1106 1248 1887 1129 1225 1617 1583 1989 1602 1690 1638 1768 1477 1388 1546 1458 1972 1879 1504 1167 1805 1086 1693 1442 1906 1581 1028 1879 1847 1240 1043 1044 1404 1874 1932 1639 1825 1123 1800 1813 1698 1250 BCNSPRNW ULIB Ver.6.0+V

เปลี่ยนเป็นภาษาไทย

Change to English
 แสดงรายละเอียดบรรณานุกรม
  กลับหน้าหลัก

Brief Record : Get Marc (ISO 2709) : E-mail record : QR code < ปิดหน้าต่าง
LEADER : 00000nam 2200000uu 4500
001    13399121103
003     ULIB
008    121106s2547||||th 000 0 tha d
020    ^a9749663322
050 04 ^aLA2108^bก645
245 00 ^aการอุดมศึกษาของประเทศออสเตรเลีย /^cโดย กลุ่มเสวนาการประกันคุณภาพการศึกษา ที่ประชุมอธิการบดีแห่งประเทศไทย
250    ^aพิมพ์ครั้งที่ 1
260    ^aกรุงเทพฯ :^bสำนักมาตรฐานและประเมินผลอุดมศึกษา สำนักงานคณะกรรมการการอุดมศึกษา กระทรวงศึกษาธิการ,^c2547.
300    ^a138 หน้า :^bภาพประกอบ +^eซีดี-รอม 1 แผ่น
440  0 ^aสิ่งพิมพ์ (สำนักมาตรฐานและประเมินผลอุดมศึกษา) ;^vลำดับที่ 53.
650  7 ^aการศึกษาขั้นอุดมศึกษาของออสเตรเลีย
650  7 ^aสถาบันอุดมศึกษาออสเตรเลีย
710 20 ^aสำนักมาตรฐานและประเมินผลอุดมศึกษา
710 20 ^aสำนักงานคณะกรรมการการอุดมศึกษา
710 20 ^aที่ประชุมอธิการบดีแห่งประเทศไทย.^bกลุ่มเสวนาการประกันคุณภาพการศึกษา
852    ^aบริหารการศึกษา
945    ^p0^l0^i24283
945    ^p0^l0^i24284
945    ^p0^l0^i24285
945    ^p0^l0^i24286
995    ^aวิภา
999    ^aวิภา
รายการนี้ยังไม่มีแท็ก
คุณยังไม่ได้ล็อกอิน คุณสามารถมีกิจกรรมร่วมกับเว็บไซต์ได้ แต่ต้องล็อกอินก่อน ::
  ล็อกอิน

รายการสื่อสารสนเทศ

ลำดับที่ ประเภท เลขเรียก/บาร์โค้ด สถานที่ สถานะ
1. วิทยาศาสตร์การแพทย์ และสุขภาพ
วิทยาศาสตร์การแพทย์ และสุขภาพ
LA2108 ก645  
  Barcode: 24283
ห้องสมุดวิทยาเขตสวรรค์ประชารักษ์
►หนังสือทั่วไป
บนชั้น
2. วิทยาศาสตร์การแพทย์ และสุขภาพ
วิทยาศาสตร์การแพทย์ และสุขภาพ
LA2108 ก645 ฉ.2 
  Barcode: 24284
ห้องสมุดวิทยาเขตสวรรค์ประชารักษ์
►หนังสือทั่วไป
บนชั้น
3. วิทยาศาสตร์การแพทย์ และสุขภาพ
วิทยาศาสตร์การแพทย์ และสุขภาพ
LA2108 ก645 ฉ.3 
  Barcode: 24285
ห้องสมุดวิทยาเขตสวรรค์ประชารักษ์
►หนังสือทั่วไป
บนชั้น
4. วิทยาศาสตร์การแพทย์ และสุขภาพ
วิทยาศาสตร์การแพทย์ และสุขภาพ
LA2108 ก645 ฉ.4 
  Barcode: 24286
ห้องสมุดวิทยาเขตสวรรค์ประชารักษ์
►หนังสือทั่วไป
บนชั้น

รายการใกล้เคียง
    หัวเรื่อง [สถาบันอุดมศึกษาออสเตรเลีย]

BibComment


ยังไม่เคยถูกคอมเมนท์

คอมเมนท์ทรัพยากรรายการนี้
  คอมเมนท์: การอุดมศึกษาของป..


 Copyright 2026. Bcnsprnw @Library